000 01065cab a2200265 4500
001 WB3047-40
008 090401t1994 xxu||||| |||| 00| 0 eng d
035 _a(Sirsi) u29961
041 _aeng
245 _aSustainable farming systems
260 _c1994
350 _a0
490 _aMAFF News Release
_v(464/94) 9 December 1994, (4)
520 _aFive research groups promoting sustainable farming systems have formed an umbrella alliance: `Less Intensive Farming and the Environment` (LIFE); `Integrated Farming Systems` (LINK:IFS); `Focus on Farming Practice` (FOFP); `Linking Environment and Farming` (LEAF) and `Farming and Wildlife Advisory Group` (FWAG).
650 _aFARMING AND WILDLIFE ADVISORY GROUP
650 _aFOCUS ON FARMING PRACTICE
650 _aINTEGRATED ARABLE CROP PRODUCTION
650 _aINTEGRATED FARMING SYSTEMS
650 _aLESS INTENSIVE FARMING AND THE ENVIRONMENT
650 _aLINKING ENVIRONMENT AND FARMING
650 _aSUSTAINABLE FARMING
690 _aRURAL PRACTICE
942 _n0
948 _c04/03/1997
999 _c20159
_d20159